000 00474nam a2200181Ia 4500
001 14867
005 20260306164945.0
008 260306t1999||||xx |||||||||||||| ||spa||
041 _aESP
082 _a519.5
_bE43
100 _aElorza Pérez-Tejada, Haroldo
_eAUT
245 0 _aEstadística para las ciencias sociales y del comportamiento
260 _c1999
300 _axviii, 778 páginas :
_c23 cm.
650 _aGEN
654 _aCMA
942 _cLIB
_dJUS
_fJUS
_2ddc
_n
999 _c14867
_d14867